000 00864 a2200229 4500
005 20260305152257.0
008 260305b |||||||| |||| 00| 0 eng d
020 _a9788119141623 (hbk)
037 _cTB
040 _aCRL
_cCRL
041 _2hin
_ahin
084 _aO152v R4
_qCRL
100 _aशास्त्री, आचार्य चतुरसेन
_9861517
245 _aहिन्दी साहित्य का परिचय
260 _aदिल्ली, भारत:
_bअनन्य प्रकाशन,
_c2024.
300 _a152पृ.
365 _b350.00
_cINR
650 _aहिन्दी साहित्य
650 _aइतिहास
942 _cTB
_2CC
_hO152v R4
999 _c1466819
_d1466819